000 01239nam a2200325Ia 4500
001 ebr10358913
003 CaPaEBR
006 m u
007 cr cn|||||||||
008 090519s2010 mau sb 001 0 eng d
010 _z 2009020181
020 _z9781405199339 (hardcover : alk. paper)
020 _z9781405199346 (pbk. : alk. paper)
040 _aCaPaEBR
_cCaPaEBR
035 _a(OCoLC)647840351
050 1 4 _aNX449.5
_b.M88 2010eb
245 0 4 _aThe myth of popular culture from Dante to Dylan
_h[electronic resource] /
_cPerry Meisel.
260 _aMalden, MA :
_bWiley-Blackwell,
_c2010.
300 _axvi, 206 p.
490 1 _aBlackwell manifestos
504 _aIncludes bibliographical references and index.
533 _aElectronic reproduction.
_bPalo Alto, Calif. :
_cebrary,
_d2011.
_nAvailable via World Wide Web.
_nAccess may be limited to ebrary affiliated libraries.
650 0 _aPopular culture.
650 0 _aArts, Modern.
655 7 _aElectronic books.
_2local
700 1 _aMeisel, Perry.
710 2 _aebrary, Inc.
830 0 _aBlackwell manifestos.
856 4 0 _uhttp://site.ebrary.com/lib/rucke/Doc?id=10358913
_zAn electronic book accessible through the World Wide Web; click to view
999 _c208834
_d208834